000
00335nam a22001097a 4500
082
_a
382.609549 SBP
245
_a
Export Receipts March 2006 /
_c
Edited By State Bank of Pakistan
260
_a
Karachi :
_b
State Bank of Pakistan,
_c
2006.
300
_a
328 p. ;
_c
24 cm.
942
_2
ddc
_c
BK
999
_c
586063
_d
586063